000 00817nam a22002537a 4500
001 BR8402617
003 BR-BrBNA
005 20230928091922.0
007 ta
008 230509b bl.||||| |||| 00| 0 por d
040 _aBR-BrBNA
_bpor
_cBiblioteca Nacional de Agricultura
041 _a(Por)
072 _aC00
_b/G514
090 _ C00 BR8402617
100 1 _aKappel, P.S.
110 1 _aAssociacao Riograndense de Empreendimentos de Assistencia Tecnica e Extensao Rural, Porto Alegre, RS (Brasil)
245 1 _aPerguntas e respostas sobre a operacionalizacao do programa de multiplicadores [Rio Grande do Sul, Brasil]
260 3 _aPorto Alegre, RS (Brasil):
_c1984.
300 _a16 p.
650 _aEXTENSAO RURAL
650 _aRIO GRANDE DO SUL
909 _a202309
_bLucia
_c55
_dLucia Elande
942 _cBK
999 _c36194
_d36194